45 宮崎県の市町村 人口順 - Statistics

General Stats
  • This quiz has been taken 3 times
  • The average score is 22 of 26
Answer Stats
順位 人口 市町村 % Correct
1 389,799 宮崎市
100%
2 160,340 都城市
100%
3 109,589 延岡市
100%
4 56,066 日向市
100%
5 45,895 日南市
100%
6 40,132 小林市
100%
7 26,586 西都市
100%
16 10,375 高千穂町
100%
17 9,353 都農町
100%
20 4,465 木城町
100%
21 4,091 美郷町
100%
22 3,118 日之影町
100%
23 3,014 五ヶ瀬町
100%
24 2,179 椎葉村
100%
25 1,257 諸塚村
100%
26 893 西米良村
100%
8 24,978 三股町
67%
9 18,680 高鍋町
67%
11 16,158 門川町
67%
12 15,792 新富町
67%
13 15,607 えびの市
67%
14 14,781 串間市
67%
15 14,015 川南町
67%
18 7,703 高原町
67%
19 6,491 綾町
67%
10 17,547 国富町
33%
No matching quizzes found
Score Distribution
Percent of People with Each Score
Percentile by Number Answered
Your Score History
You have not taken this quiz